Human options /

Bibliographic Details
Main Author: Cousins, Norman
Format: Book
Language:English
Published: New York : Norton, [1981]
Edition:1st ed.

MARC

Tag First Indicator Second Indicator Subfields
LEADER 00000pam a2200000 a 4500
001 in00000079232
005 20151008060801.0
008 801208s1981 nyua 00010 engm
010 |a  80029181  
019 |a 8022052 
020 |a 0393014304 
035 |a (OCoLC)07175879 
035 |9 AAJ6565AM 
040 |a DLC  |c DLC  |d m.c.  |d TXA  |d UtOrBLW 
049 |a TXAM  |c [1362250] 
050 0 0 |a AC8  |b .C674 1981 
082 0 |a 070.4/1  |a B  |2 19 
100 1 |a Cousins, Norman. 
245 1 0 |a Human options /  |c Norman Cousins. 
250 |a 1st ed. 
264 1 |a New York :  |b Norton,  |c [1981] 
264 4 |c ©1981 
300 |a 224 pages :  |b illustrations ;  |c 24 cm. 
336 |a text  |b txt  |2 rdacontent 
337 |a unmediated  |b n  |2 rdamedia 
338 |a volume  |b nc  |2 rdacarrier 
999 |a MARS 
999 f f |s 5012df58-7021-30dc-9158-d139f4c1c10c  |i a92ed079-86bd-39bc-abc3-6ea7b3fdc8e1  |t 0 
952 f f |p ric  |a Texas A&M University  |b Rellis Campus  |c Joint Library Facility  |d Remote Storage  |t 0  |e AC8 .C674 1981  |h Library of Congress classification  |i unmediated -- volume  |m A14806074745 
998 f f |a AC8 .C674 1981  |t 0  |l Remote Storage